| 000 | 00465nam a2200157Ia 4500 | ||
|---|---|---|---|
| 008 | 151021s9999 xx 000 0 und d | ||
| 020 | _a9.7815850342e+012 | ||
| 050 | _aT 385.P 52872008 | ||
| 245 | _a_Engineering Desing with SolidWorks 2008 and Multimedia CD Planhhard P. Marie | ||
| 260 | _aU.s.A schroff 2008 | ||
| 300 | _a122p,;Ill | ||
| 500 | _aincludes Index | ||
| 500 | _aincludes Index | ||
| 650 | _a_Icons | ||
| 980 | _a^d20120816 01:53:31^okorir | ||
| 999 |
_c12451 _d12451 |
||